书目信息 |
| 题名: |
管理咨询与企业诊断
|
|
| 作者: | 张文泉 , 沈剑飞 编著 | |
| 分册: | ||
| 出版信息: | 北京 中国电力出版社 2002 |
|
| 页数: | 249页 | |
| 开本: | 26cm | |
| 丛书名: | ||
| 单 册: | ||
| 中图分类: | F270 | |
| 科图分类: | ||
| 主题词: | 企业管理--咨询 , 企业诊断 | |
| 电子资源: | ||
| ISBN: | 7-5083-0909-X | |
| 000 | 00931nam0 2200253 4500 | |
| 001 | 192004003176 | |
| 005 | 20070914165716.56 | |
| 010 | @a7-5083-0909-X@dCNY26.00 | |
| 100 | @a20070602d2002 ekmy0chiy0121 ea | |
| 101 | 0 | @achi |
| 102 | @aCN@b110000 | |
| 105 | @aak z 000yy | |
| 200 | 1 | @a管理咨询与企业诊断@Aguan li zi xun yu qi ye zhen duan@f张文泉, 沈剑飞编著 |
| 210 | @a北京@c中国电力出版社@d2002 | |
| 215 | @a249页@c图@d26cm | |
| 330 | @a本书内容顺应经济发展、企业改革和学科建设的新需求,内容分为总论篇、咨询篇、诊断篇共三篇,主要论述介绍咨询与诊断的内涵实质、国内外发展、工作方法及操作实务。 | |
| 333 | @a本书既可供高等及各类成人教育专业师生使用,更可供广大企事业单位及公司各级经济管理人员学习、使用、参考。 | |
| 606 | 0 | @a企业管理@x咨询 |
| 606 | 0 | @a企业诊断 |
| 690 | @aF270@v4 | |
| 701 | 0 | @a张文泉@Azhang wen quan@4编著 |
| 701 | 0 | @a沈剑飞@Ashen jian fei@4编著 |
| 801 | 0 | @aCN@c20070914 |
| 905 | @dF270@eZ195 | |
| 管理咨询与企业诊断/张文泉, 沈剑飞编著.-北京:中国电力出版社,2002 |
| 249页:图;26cm |
| 使用对象:本书既可供高等及各类成人教育专业师生使用,更可供广大企事业单位及公司各级经济管理人员学习、使用、参考。 |
| ISBN 7-5083-0909-X:CNY26.00 |
| 本书内容顺应经济发展、企业改革和学科建设的新需求,内容分为总论篇、咨询篇、诊断篇共三篇,主要论述介绍咨询与诊断的内涵实质、国内外发展、工作方法及操作实务。 |
| ● |
| 相关链接 |
|
|
|
正题名:管理咨询与企业诊断
索取号:F270/Z195
 
预约/预借
| 序号 | 登录号 | 条形码 | 馆藏地/架位号 | 状态 | 备注 |
| 1 | 619512 | 206195124 | 社科库409/409社科库 85排4列1层/ [索取号:F270/Z195] | 在馆 | |
| 2 | 619513 | 206195133 | 社科库409/409社科库 85排4列1层/ [索取号:F270/Z195] | 在馆 | |
| 3 | 619514 | 206195142 | 社科库409/409社科库 85排4列1层/ [索取号:F270/Z195] | 在馆 |